| 000 | 00599nam a2200229 a 4500 | ||
|---|---|---|---|
| 001 | BRCA_6657 | ||
| 005 | 20190320205538.0 | ||
| 008 | 111011s1909----enka######---#000-0#eng-# | ||
| 041 | _aeng | ||
| 044 | _aenk | ||
| 050 | 4 |
_aPZ3 _b.S268Ta 1909 |
|
| 100 | 1 |
_aScott, Walter _cSir _d1771-1832 _916666 |
|
| 245 | 1 | 0 |
_aThe talisman _cWalter Scott. |
| 260 |
_aLondres _bT. Nelson _c1909 |
||
| 300 |
_axvii, 472 p. _bil. _c16 cm. |
||
| 500 | _aL165 | ||
| 650 | 1 | 4 |
_aCruzadas _yTercera, 1189-1192 _916667 |
| 650 | 1 | 4 |
_aNovela _916668 |
| 650 | 1 | 4 |
_aLiteratura inglesa _916669 |
| 902 | _aGFM | ||
| 942 |
_2lcc _cB |
||
| 999 |
_c6341 _d6341 |
||